| 000 | 00433nam a2200181Ia 4500 | ||
|---|---|---|---|
| 001 | 1777 | ||
| 005 | 20260306143753.0 | ||
| 008 | 260306t2014||||xx |||||||||||||| ||spa|| | ||
| 041 | _aESP | ||
| 082 |
_a155.4 _bG23 |
||
| 100 |
_aGarcía Moreno, Luis Miguel _eAUT |
||
| 245 | 0 | _aPsicobiología de la educación | |
| 260 | _c2014 | ||
| 300 |
_a336 páginas : _c23 cm. |
||
| 650 | _aGEN | ||
| 654 | _aCPS | ||
| 942 |
_cLIB _dJUS _fJUS _2ddc _n |
||
| 999 |
_c1777 _d1777 |
||